Στοιχειώδης Εισαγωγή στα Ανώτερα Μαθηματικά / Βασικός Κορμός της Αφηρημένης Άλγεβρας από τη Σκοπιά των Στοιχειωδών Μαθηματικών (Record no. 1692)
[ view plain ]
| 000 -LEADER | |
|---|---|
| fixed length control field | 01600cam a22001934a 4500 |
| 005 - ΗΜΕΡΟΜΗΝΙΑ ΚΑΙ ΩΡΑ ΤΕΛΕΥΤΑΙΑΣ ΕΝΗΜΕΡΩΣΗΣ | |
| Πεδίο ελέγχου | 20250605164016.0 |
| 008 - FIXED-LENGTH DATA ELEMENTS--GENERAL INFORMATION | |
| Πεδίο ελέγχου σταθερού μήκους | 250528s ||||||||||||||||||||||||d |
| 035 ## - SYSTEM CONTROL NUMBER | |
| System control number | 16156 |
| 020 ## - ISBN | |
| ISBN | 9607778448 |
| 040 ## - ΠΗΓΗ ΚΑΤΑΛΟΓΟΓΡΑΦΗΣΗΣ | |
| Φορέας πρωτότυπης καταλογογράφησης | MC Athens Campus Library |
| Γλώσσα καταλογογράφησης | Ελληνικά, Μοντέρνα (1453-) |
| Modifying agency | MC Athens Campus Library |
| Κανόνες περιγραφικής καταλογογράφησης | AACR2 |
| 245 1# - ΤΙΤΛΟΣ ΚΑΙ ΔΗΛΩΣΗ ΥΠΕΥΘΥΝΟΤΗΤΑΣ | |
| Τίτλος | Στοιχειώδης Εισαγωγή στα Ανώτερα Μαθηματικά / Βασικός Κορμός της Αφηρημένης Άλγεβρας από τη Σκοπιά των Στοιχειωδών Μαθηματικών |
| 260 ## - PUBLICATION, DISTRIBUTION, ETC. | |
| Name of publisher, distributor, etc. | Κάτοπτρο, |
| Date of publication, distribution, etc. | 2001 |
| 300 ## - PHYSICAL DESCRIPTION | |
| Extent | 160 |
| 520 ## - SUMMARY, ETC. | |
| Summary, etc. | Βιβλιο που δεν προαπαιτεί από τον αναγνώστη όλους εκείνους τους τεχνικούς όρους, τις ειδικού περιεχομένου λέξεις και τα τεχνάσματα που στα περισσότερα επιστημονικά βιβλία αποτελούν συχνά αξεπέραστο εμπόδιο για τον αμύητο αναγνώστη. Πρόλογος, Η Μέθοδος της Αφαίρεσης, Οι Αριθμοί, Ο Ευκλείδιος Αλγόριθμος, Ισοτιμίες, Πολυώνυμα, Μιγαδικοί Αριθμοί και Αλγεβρικά Σώματα, Αλγεβρικοί Ακέραιοι και Ιδεώδη και p-αδικοί Αριθμοί, Ομάδες, Θεωρία Galois, Αναλυτική Γεωμετρία, Πίνακες και Ορίζουσες, Άλγεβρες, Άλγεβρες Ομάδων. |
| 700 1# - ΠΡΟΣΘΕΤΗ ΑΝΑΓΡΑΦΗ--ΦΥΣΙΚΟ ΠΡΟΣΩΠΟ | |
| Personal name | Littlewood D.E. |
| 9 (RLIN) | 2202 |
| 942 ## - ADDED ENTRY ELEMENTS (KOHA) | |
| Koha item type | Books |
| Τύπος τεκμηρίου | Βιβλιοθήκη | Τρέχουσα τοποθεσία | Barcode | Αριθμός εισαγωγής | Ημερομηνία απόκτησης | Ταξιθετικό σύμβολο | Αριθμός αντιτύπου | Κατάσταση απόσυρσης | Κατάσταση χαμένου | Κατάσταση κατεστραμμένου | Μη δανεισμός | Σύνολο δανεισμών | Ημερομηνία τελευταίας εμφάνισης | Η τιμή ισχύει από |
|---|---|---|---|---|---|---|---|---|---|---|---|---|---|---|
| Books | MC Athens Campus Library | MC Athens Campus Library | 9780000016911 | 2796 | 05/06/2025 | 510.711 LIT | 1 | 05/06/2025 | 05/06/2025 |